Every proffesional Norwegian football teams - Statistics

General Stats
  • This quiz has been taken 17 times
  • The average score is 9 of 26
Answer Stats
Eliteserien % Correct
Bodø/Glimt
79%
Bryne
64%
Brann
57%
Molde
50%
Tromsø
50%
Aalesund
43%
Kristiansund
43%
Lillestrøm
43%
Viking
43%
Fredrikstad
36%
HamKam
36%
Haugesund
36%
KFUM
36%
Odd
36%
Rosenborg
36%
Sarpsborg 08
36%
Sandefjord
29%
Stabæk
29%
Start
29%
Strømsgodset
29%
Vålerenga
29%
Moss
21%
Raufoss
14%
Skeid
14%
Sogndal
14%
Obosliga
0%
No matching quizzes found
Score Distribution
Percent of People with Each Score
Percentile by Number Answered
Your Score History
You have not taken this quiz